Straight boys : Vol. 2 /

Außerdem erhältlich als Postcardbook! PCB 55 - Straight Boys Vol. 2 ISBN 3-86187-803-8 erscheint: April 2004 VK-Preise: EUR 5,00

Guardat en:
Dades bibliogràfiques
Autor principal: Underhill, Steven 1962- (Autor, Verfasser)
Format: Llibre
Idioma:alemany
Publicat: Berlin Gmünder 2004
Edició:1. edizione
Etiquetes: Afegir etiqueta
Sense etiquetes, Sigues el primer a etiquetar aquest registre!

MARC

LEADER 00000pam a2200000 cc4500
001 96932541X
003 DE-101
005 20251010153904.0
007 tu
008 031114s2004 gw ||||| |||| 00||||ger
015 |a 04,A20,0664  |z 03,N50,1394  |2 dnb 
016 7 |2 DE-101  |a 96932541X 
020 |a 9783861873891 
020 |a 3861873893 
024 3 |a 9783861873891 
035 |a (DE-599)DNB96932541X 
035 |a (OCoLC)723026885 
040 |a 1145  |b ger  |c DE-101  |d 9999 
041 |a ger 
044 |c XA-DE 
082 7 4 |a 770  |q DE-101  |2 22sdnb 
090 |a b 
100 1 |0 (DE-588)119508729  |0 https://d-nb.info/gnd/119508729  |0 (DE-101)119508729  |a Underhill, Steven  |d 1962-  |e Verfasser  |4 aut  |2 gnd 
245 1 0 |a Straight boys : Vol. 2 /  |c Steven Underhill 
250 |a 1. edizione 
264 3 1 |a Berlin  |b Gmünder  |c 2004 
300 |a [80] p.  |b überw. Ill. 
520 |a Außerdem erhältlich als Postcardbook! PCB 55 - Straight Boys Vol. 2 ISBN 3-86187-803-8 erscheint: April 2004 VK-Preise: EUR 5,00 
850 |a DE-101a  |a DE-101b 
942 |2 ddc  |c BK 
952 |0 0  |1 0  |2 ddc  |4 0  |6 B_AFT01UNDSTSTR11  |7 0  |9 8222  |a MI  |b MI  |d 2005-08-25  |i 4721  |l 0  |o B-AFT01-UNDST-STR11  |p CDOM4721  |r 2025-07-17 21:50:00  |w 2025-07-17  |x ACQUISTO  |y BK 
999 |c 8095  |d 8095